000 00904nam a2200241Ii 4500
003 JO-AjNU
008 230605s9999||||xx |||||||||||||| ||und||
017 _a2010/8182
020 _a978-99901-38-39-9
040 _aJO-AjNU
_bara
_erda
_cJO-AjNU
041 _aara
050 1 4 _aRA1051.B73 2010
100 3 _aالبطراوي ، عبد الوهاب عمر ,
_eauthor
_953117
245 0 0 _a علم الطب الجنائي والسموم في القانون البحريني مقارنة بالقانون الاردني
250 _aالاصدار الثاني
264 3 1 _aالبحرين: جامعة العلوم التطبيقية، 2010
300 _a293ص
336 _atext
_btxt
_2rdacontent
337 _aunmediated
_bn
_2rdamedia
338 _avolume
_bnc
_2rdacarrier
490 0 _aسلسلة الكتب القانونية، 4
650 4 _a الطب-الجنائي-السموم
_953118
999 _aA23571
_c27139
_d27139